=LDR 00000nam 2200000 4500 =001 INLIS000000000017712 =005 20130612112929 =008 ***********************************Ind** =035 ##$$0010-061300000017712 =041 ##$$a Ind =082 ##$$a R.348 =090 ##$$a R.348, Ind u =100 ##$$a Indonesia.[Undang-Undang, Peraturan dan Sebagainya] =245 ##$$a Undang-undang pemnebtukan peraturan perundang-undangan 2004, UURI no. 10 th.2004 tentang pembentukan peraturan perundang-undangan =260 ##$$a 2005 $b Jakarta =300 ##$$a viii, 128 hlm, 20 cm =650 ##$$a Perundang-undangan =850 ##$$a NBPNMAT